000 01215naa a22003377a 4500
001 BR9400688
003 BR-BrBNA
005 20240918181142.0
007 ta
008 230509b bl.||||| |||| 00| 0 por d
040 _aBR-BrBNA
_bpor
_cBiblioteca Nacional de Agricultura
041 _a(Pt)
072 _aF01
_b1112
090 _aF01 BR9400688
100 1 _aManica, I.
100 1 _aConde, A.R.
100 1 _aTeixeira, S.L.
100 1 _aLins, J.
100 1 _aPassos, L.C.C.
111 1 _a5. Congresso Brasileiro de Fruticultura
_cPelotas, RS (Brazil)
_d7-14 Jan 1979
245 1 _aInfluencia de epocas de plantio sobre a producao da bananeira (Musa acuminata Simmonds e Sheperd)cv. Nanicao, em Florestal, Minas Gerais
260 3 _aPelotas, RS (Brasil):
_c1979.
500 _aAnais do 5. Congresso Brasileiro de Fruticultura, v. 1 Pelotas, RS (Brasil): 1979. p. 400-406 (BR9400688-AM)F01
650 _aBanana
650 _aPratica Cultural
650 _aEpoca de Plantio
650 _aMinas Gerais
773 0 _tAnais do 5. Congresso Brasileiro de Fruticultura, v. 1
_wF01 BR9400688
_gPelotas, RS (Brasil), 1979. p. 400-406
909 _a202404
_bLucia
_c55
_dLucia Elande
942 _cAM
_2AGRIS
999 _c323837
_d323837